000 01264cam a22002413a 4500
001 7477
003 PGUSA
005 20140828083145.0
008 050201s2005||||xxu|||||s|||||000 1 eng d
040 _aPGUSA
_beng
042 _adc
050 4 _aPR
100 1 _aDunsany, Edward John Moreton Drax Plunkett, Baron,
_d1878-1957
245 1 4 _aThe Book of Wonder
_h[electronic resource] /
_cEdward John Moreton Drax Plunkett, Baron Dunsany
260 _bProject Gutenberg,
_c2005
505 0 _aPreface -- The Bride of the Man-Horse -- Distressing Tale of Thangobrind The Jeweller -- The House of the Sphinx -- Probable Adventure of the Three Literary Men -- The Injudicious Prayers of Pombo the Idolater -- The Loot of Bombasharna -- Miss Cubbidge and the Dragon Of Romance -- The Quest of the Queen's Tears -- The Hoard of the Gibbelins -- How Nuth Would Have Practised His Art Upon the Gnoles -- How One Came, As Was Foretold, to the City Of Never -- The Coronation of Mr. Thomas Shap -- Chu-Bu and Sheemish -- The Wonderful Window -- Epilogue.
506 _aPublic domain in the USA.
516 _aElectronic text
653 _aFantasy fiction, English
830 0 _aProject Gutenberg
_v7477
856 4 0 _uhttp://www.gutenberg.org/ebooks/7477
942 _cEB
999 _c236797
_d236797